Engineering Thermodynamics (Record no. 271177)
[ view plain ]
| 000 -LEADER | |
|---|---|
| fixed length control field | 00304 a2200121 4500 |
| 001 - CONTROL NUMBER | |
| control field | 36104 |
| 082 ## - DEWEY DECIMAL CLASSIFICATION NUMBER | |
| Classification number | 621.3692 JON |
| 090 ## - LOCALLY ASSIGNED LC-TYPE CALL NUMBER (OCLC); LOCAL CALL NUMBER (RLIN) | |
| -- | 23529 |
| -- | 23529 |
| 100 ## - MAIN ENTRY--PERSONAL NAME | |
| Personal name | Jones, James B. |
| 245 ## - TITLE STATEMENT | |
| Title | Engineering Thermodynamics |
| Statement of responsibility, etc. | James B Jones |
| 260 ## - PUBLICATION, DISTRIBUTION, ETC. | |
| Name of publisher, distributor, etc. | John Wiley & Sons |
| 500 ## - GENERAL NOTE | |
| General note | BE textbook Aerospace |
| 942 ## - ADDED ENTRY ELEMENTS (KOHA) | |
| Institution code [OBSOLETE] | NUST-CAE |
| Call number prefix | 621.3692 JON |
| Withdrawn status | Lost status | Damaged status | Not for loan | Collection code | Permanent Location | Current Location | Date acquired | Total Checkouts | Full call number | Barcode | Date last seen | Price effective from | Koha item type |
|---|---|---|---|---|---|---|---|---|---|---|---|---|---|
| College of Aeronautical Engineering (CAE) | College of Aeronautical Engineering (CAE) | 04/03/2017 | 621.3692 JON | CAE55547 | 04/05/2017 | 04/05/2017 | Book |
